000 00943nam a2200253Ia 4500
001 16409
003 GE_BSU
008 181216s||||||||xx |||||||||||||| ||und||
020 _a9780195337570
040 _cGE_BSU
080 _a323.173+94
100 _aKeylor, William R
245 2 _aA world of nations
245 4 _bthe international order since 1945
250 _a2nd ed.
260 _aNew York
260 _bOxford University Press,
260 _c2009
300 _axix, 506 p. : ill., maps ; 24 cm.
541 _h135gel
653 _aNow updated to address recent developments in the post-9/11 world, A World of Nations, Second Edition, provides an analytical narrative of the origins, evolution, and end of the Cold War. Much more than a simple account of the long struggle between the two superpowers, this vibrant text opens with c
653 _aრეგიონული კონფლიქტები
942 _cBK
999 _c49485
_d49485